000 00779cam a22002533a 4500
001 29456
003 PGUSA
005 20140828083634.0
008 090719s2009||||xxu|||||s|||||000 | eng d
040 _aPGUSA
_beng
042 _adc
050 4 _aPA
100 1 _aLeigh, Percival,
_d1813-1889
245 1 4 _aThe Comic Latin Grammar :
_bA new and facetious introduction to the Latin tongue
_h[electronic resource] /
_cPercival Leigh
260 _bProject Gutenberg,
_c2009
506 _aPublic domain in the USA.
516 _aElectronic text
653 _aLatin language -- Grammar -- Humor
653 _aEnglish wit and humor
700 1 _aLeech, John,
_d1817-1864
830 0 _aProject Gutenberg
_v29456
856 4 0 _uhttp://www.gutenberg.org/ebooks/29456
942 _cEB
999 _c258711
_d258711